000
00338nam a2200133Ia 4500
008
231017s9999 xx 000 0 und d
082
_a
388.312
082
_b
PER
245
0
_a
Toll Collection Technology and Best Practice - (0-5217-P1)
245
0
_c
Dr. Khalil Persad
260
_b
Dr. Khalil Persad
300
_c
30cm
942
_c
REP
999
_c
604388
_d
604388